Prameny Vltavy

Saved in:
Bibliographic Details
Main Author Petra, Klabouchová
Format Electronic eBook
LanguageCzech
Published Host 2021
Edition1. elektronické vydání
Subjects
Online AccessDostupné v BOOKPORT po přihlášení pomocí eduID
ISBN978-80-275-0920-1
978-80-275-0921-8
978-80-275-0741-2
Physical Description1 online zdroj (303 stran)

Cover

LEADER 00000nam a2200000 i 4500
001 bkp455326420
003 CZ-prgp
005 20220125162333.0
006 m o d
007 cr cn
008 220125s2021 xr o 000 1 cze
020 |a 978-80-275-0920-1   |c 239 Kč  |q (online ; pdf) 
020 |a 978-80-275-0921-8   |c 239 Kč  |q (online ; epub) 
020 |a 978-80-275-0741-2  |c 350 Kč  |q (print) 
040 |a Grada  |b cze  |e rda 
100 1 |a Petra, Klabouchová 
245 1 0 |a Prameny Vltavy  |c Klabouchová Petra 
250 |a 1. elektronické vydání 
264 1 |b Host  |c 2021 
300 |a 1 online zdroj (303 stran) 
336 |a text  |b txt  |2 rdacontent 
337 |a počítač  |b c  |2 rdamedia 
338 |a online zdroj  |b cr  |2 rdacarrier 
520 3 |a Umrzlá dívka s židovskou hvězdou a křivdy, které Šumava nezapomíná 
650 0 4 |a Česká současná beletrie 
856 4 0 |u https://www.bookport.cz/AccountSaml/SignIn/?idp=https://shibboleth.utb.cz/idp/shibboleth&returnUrl=/kniha/prameny-vltavy-10362/  |y Dostupné v BOOKPORT po přihlášení pomocí eduID